Detalles MARC
| 000 -ENCABEZADO |
| Número de control [NR] |
03432nam a2200289Ia 4500 |
| 005 - FECHA Y HORA DE LA ÚLTIMA TRANSACCIÓN |
| control field |
20170207113523.0 |
| 008 - DE LONGITUD FIJA DE DATOS DE ELEMENTOS - INFORMACIÓN GENERAL |
| Elementos de longitud fija [NR] |
130821s1886 sp |||fr 1 esp d |
| 040 ## - FUENTE DE CATALOGACION [NR] |
| Agencia de catalogación original [NR] |
Co-BoUCM |
| Idioma de catalogación [NR] |
spa |
| Quien Cataloga |
Sandra Yazo |
| Quien Clasifica |
Sandra Yazo |
| 041 0# - CODIGO DE IDIOMA [R] |
| Código de idioma para texto/pista de sonido o título separado [R] |
Español |
| 082 04 - NUMERO DE CLASIFICACION DECIMAL DEWEY [R] |
| Número de clasificación [R] |
107 |
| Número de la edición [NR] |
20 |
| 092 ## - SIGNATURA TOPOGRAFICA LOCAL |
| Número de clasificación local |
E14N023 |
| 100 1# - ASIENTO PRINCIPAL--NOMBRE PERSONAL [NR] |
| Nombre personal [NR] |
González y Díaz Tuñón, Ceferino |
| Fechas asociadas con el nombre [NR] |
1831-1894 |
| ID Autoridad |
83934 |
| 245 10 - MENCION DE TITULO [NR] |
| Título [NR] |
Filosofía elemental |
| Mención de responsabilidad, etc. [NR] |
por ... Fr. Zeferino González ... |
| 250 ## - MENCION DE EDICION [NR] |
| Mención de edición [NR] |
Quinta edición |
| 260 ## - PUBLICACION, DISTRIBUCION, ETC. (PIE DE IMPRENTA) [R] |
| Lugar de publicación, distribución, etc. [R] |
Madrid (España) |
| Nombre del editor, distribuidor, etc. [R] |
Agustín Jubera |
| Fecha de publicación, distribución, etc. [R] |
1886 |
| 300 ## - DESCRIPCION FISICA [R] |
| Extensión [R] |
2 volúmenes (xxxviii, 510 ; 627 páginas) |
| Dimensiones [R] |
22 x 14 cm. |
| 500 ## - NOTA GENERAL [R] |
| Nota general [NR] |
Detalles físicos: Encuadernación rígida en cartón forrado en cuero. Lomo adornos en dorado y repujados, notorio deterioro por raspaduras y desgaste del cuero. Tapas con repujados decorados en cintas. Guardas en papel de agua, Anteportada. Portada impresa en una sola tinta con un escudo y varios sellos de tinta. Texto impreso en una sola columna, notas al pie de página. Papel manchado por oxidación de tintas. Lomo y con raspaduras, sueltas, residuos de cinta pegante, varias hojas sueltas incluida guardas, anteportada y varias hojas al inicio de la obra, notorio en el V.2. 2ª ed. Encuadernación rígida (holandesa), guardas en papel de agua. V.2 primeras hojas empiezan a desencuadernarse.<br/> |
| 500 ## - NOTA GENERAL [R] |
| Nota general [NR] |
Datos de publicación tomados de la 5ª ed. Ejemplares agrupadas en un solo registro para mantener el orden de la colección, varias ediciones. Datos de publicación de la 2ª ed. Madrid, Imprenta de Policarpo López, 1876. Paginación: xlvi, 484 ; 646 páginas. |
| 505 0# - NOTA DE CONTENIDO CON FORMATO PREESTABLECIDO [R] |
| Nota de contenido con formato preestablecido [NR] |
V.1 Consideraciones generales sobre la filosofía ; Libro 1 – 4: Lógica: Lógica general ; El signo ; Las categorías ; Los universales ; Juicio y proposición ; Raciocinio y argumentación ; La verdad y la certeza ; Criterios de la verdad ; Criterio del sentido común ; Criterio de los sentidos externos ; Criterio de la autoridad humana ; El método y sus clases -- Psicología: Facultades y operaciones del hombre ; Facultades sensibles ; Facultades apetitivas y afectivas ; La inteligencia ; Naturaleza y atributos del alma humana Inmortalidad del alma racional ; Unión del alma con el cuerpo -- Ideología: Naturaleza y existencia de las ideas ; Teorías sobre el origen de las ideas ; Teoría general sobre el origen de las ideas -- V.2: Libro 5 – 7:Psicología: Metafísica General ; Idea general de la metafísica ; Ontología ; Del ente y sus divisiones ; Propiedades generales del ente ; Causas del ente ; Especies principales del ente ; Metafísica especial ; Cosmología ; Del mundo en general ; Principios constitutivos de los cuerpos ; Propiedades y afecciones generales de los cuerpos ; Las leyes de la Naturaleza ; Los cuerpos vivientes --Teodicea ; La existencia de Dios ; La esencia de Dios ; Atributos absolutos de Dios ; Atributos relativos de Dios -- Moral ; Consideraciones generales ; Origen primitivo de la moralidad en los actos humanos ; Existencia de la moralidad y su condición necesaria ; Esencia de la moralidad ; Deberes del hombre para consigo mismo ; Deberes del hombre como miembro de la sociedad civil ; Deberes del hombre para con Dios |
| 506 ## - NOTA DE RESTRICCIONES DE ACCESO [R] |
| Condiciones de acceso [NR] |
Consulta en sala |
| 650 #7 - ASIENTO SECUNDARIO DE MATERIA - TERMINO TEMATICO [R] |
| Término temático o nombre geográfico como elemento de entrada [NR] |
Escolasticismo |
| 9 (RLIN) |
14772 |
| 650 #7 - ASIENTO SECUNDARIO DE MATERIA - TERMINO TEMATICO [R] |
| Término temático o nombre geográfico como elemento de entrada [NR] |
Lógica (Filosofía) |
| 9 (RLIN) |
18791 |
| 650 #7 - ASIENTO SECUNDARIO DE MATERIA - TERMINO TEMATICO [R] |
| Término temático o nombre geográfico como elemento de entrada [NR] |
Tomismo |
| 9 (RLIN) |
25513 |
| 650 #7 - ASIENTO SECUNDARIO DE MATERIA - TERMINO TEMATICO [R] |
| Término temático o nombre geográfico como elemento de entrada [NR] |
Metafísica |
| 9 (RLIN) |
19397 |
| 690 ## - ASUNTO AGREGADO LOCAL DE ENTRADA - TÉRMINO TEMÁTICO (OCLC, RLIN) |
| Acceso temático local |
Filosofía |
| 9 (RLIN) |
75 |
| 942 ## - ELEMENTOS DE ENTRADA AGREGADOS (KOHA) |
| Tipo de ítem principal el descrito en 300a |
Libro |
| Edición |
5 |
| Sistema de clasificación |
LOCAL |
| Clasificación |
E14N023 |